Connaissez-vous vraiment les Jeux olympiques ? - Statistiques

Statistiques générales
  • Ce quiz a été pris 1 491 fois
  • Le résultat moyen est 9 sur 15
Statistiques - réponses
Niveau Question Réponse % Correct
Facile Quel pays est le plus médaillé de l'histoire des Jeux ? Les États-Unis
99%
Facile À combien de joueurs se joue la variante olympique du rugby à XV ? À sept
98%
Facile Dans quelle discipline Teddy Riner a-t-il remporté 5 médailles, dont 3 en or ? Le judo
98%
Facile Où s'est déroulée la première édition moderne, en 1896 ? Athènes
94%
Moyen Quel nageur est le sportif le plus médaillé de l'histoire des JO ? (28 médailles) Michael Phelps
89%
Facile Quel baron a eu l'idée de restaurer les Jeux olympiques ? Pierre de Coubertin
86%
Moyen Quelle ville grecque, théâtre d'une bataille en 490 av. J.-C., a donné son nom à une épreuve sportive ? Marathon
75%
Moyen Quelle édition a vu la vasque olympique se faire allumer par une flèche embrasée tirée par un athlète paralympique ? Barcelone (1992)
64%
Moyen Où va se dérouler l'édition de 2032 ? Brisbane
52%
Difficile Quel sport porte un nom qui peut se traduire par "La voie des pieds et des poings" ? Le taekwondo
45%
Difficile Qui est la seule gymnaste olympique à avoir obtenu la note parfaite de 10 ? (Montréal, 1976) Nadia Comăneci
42%
Difficile Quel athlète afro-américain a remporté quatre médailles d'or sous les yeux d'Adolf Hitler ? (Berlin, 1936) Jesse Owens
39%
Moyen Quelle statue antique représente un lanceur de disque ? Le Discobole
30%
Difficile Quelle est la devise olympique, en latin ? Citius, Altius, Fortius
12%
Difficile Qu'est-ce que le kotinos, offert aux athlètes victorieux des jeux antiques ? Une couronne d'olivier
10%
Aucun quiz correspondant
Distribution des résultats
% des personnes avec chaque résultat
Percentile par nombre de réponses
Votre historique - résultats
Vous n’avez pas pris ce quiz